LEADER 01243nam a2200205 i 4500 001 000000005809 003 CaOOAMICUS 005 20180830125437.0 008 180830s1795 it u000 u ita u 040 $aSeMil$bita 245 10$aEcclesiae mediolanensis historia ligustica in romanam gothicam langobardicam tribus libris distributa ... accedit corollarium usque ad Theodori 2. Mediolanensis antistitis et Liutprandi regis tempora productum. 260 $aMediolani :$bEx Galeatiorum typographio,$c1795. 300 $a2 v. ;$cfol. 500 $aNome dell'A. nella dedica a c. b1v.. - Legati insieme i 2 vol. 650 4$aMilano - Storia ecclesiastica.$0(OLS)http://semarc/subject/3337 700 1 $aOltrocchi, Baldassarre .$0(OLS)http://semarc/name/12365 774 0 $tPars 1. Libri 1. et 2.$g1$w()193777 774 0 $tPars 2. Libri 3.$g2$w()252847 996 $6245$aEcclesiae mediolanensis historia ligustica in romanam gothicam langobardicam tribus libris distributa ... accedit corollarium usque ad Theodori 2. Mediolanensis antistitis et Liutprandi regis tempora productum$9(OLS)http://semarc/title/400879 996 $6260$aMediolani :$bEx Galeatiorum typographio$9(OLS)http://semarc/publisher/55774 LEADER 00903nam a2200241 i 4500 001 000000119007 003 CaOOAMICUS 005 20100721000000.0 008 100721s1985 it u000 u ita u 013 $a91700 020 $a88-339-0049-5 040 $aSeMil$bita 100 1 $aFreud, Anna,$d<1895-1982>.$0(OLS)http://semarc/name/6089 245 10$aOpere 1965-1975 /$cAnna Freud. 260 $aTorino :$bBoringhieri,$c1985. 300 $aP. 762-1232 ;$c22 cm. 773 0 $tOpere di Anna Freud.$dTorino : Boringhieri, 1985.$gVol.3$w()12801 850 $aSeMil 852 $aSeMil$W1$xVenegono$y1$m2O III 5$j74252$B74252$CSeMilBibl$Z2$F92167 $81 961 $aOmaggio: Bidoglio don Maurizio 996 $6020$a88-339-0049-5$9(OLS)http://semarc/number/103749 996 $6245$aOpere 1965-1975$9(OLS)http://semarc/title/174851 996 $6260$aTorino :$bBoringhieri$9(OLS)http://semarc/publisher/30229